Mesheḳ ha-poʻalim (Record no. 33118)
[ view plain ]
| 000 -LEADER | |
|---|---|
| fixed length control field | 00796cam a22002531 4500 |
| 001 - CONTROL NUMBER | |
| control field | he 68000854 |
| 003 - CONTROL NUMBER IDENTIFIER | |
| control field | DLC |
| 005 - DATE AND TIME OF LATEST TRANSACTION | |
| control field | 20260227111456.0 |
| 008 - FIXED-LENGTH DATA ELEMENTS--GENERAL INFORMATION | |
| fixed length control field | 861007m19679999is ah b 000 0 hebo |
| 010 ## - LIBRARY OF CONGRESS CONTROL NUMBER | |
| LC control number | he 68000854 |
| 035 ## - SYSTEM CONTROL NUMBER | |
| System control number | (OCoLC)14353787 |
| 040 ## - CATALOGING SOURCE | |
| Original cataloging agency | DLC |
| Transcribing agency | CU |
| Modifying agency | DLC |
| 042 ## - AUTHENTICATION CODE | |
| Authentication code | premarc |
| 043 ## - GEOGRAPHIC AREA CODE | |
| Geographic area code | a-is--- |
| 050 00 - LIBRARY OF CONGRESS CALL NUMBER | |
| Classification number | HD8761.P33 |
| Item number | B5 |
| 100 1# - MAIN ENTRY--PERSONAL NAME | |
| Personal name | Biletzky, Eliyahu. |
| 245 10 - TITLE STATEMENT | |
| Title | Mesheḳ ha-poʻalim |
| Remainder of title | (megamot-ḥevrah u-defuse-irgun) |
| Statement of responsibility, etc. | [me-et]Eliyahu Biletsḳi. |
| 260 ## - PUBLICATION, DISTRIBUTION, ETC. | |
| Place of publication, distribution, etc. | [Tel-Aviv] |
| Name of publisher, distributor, etc. | Tarbut ṿe-Ḥinukh |
| Date of publication, distribution, etc. | [1967- |
| 300 ## - PHYSICAL DESCRIPTION | |
| Extent | v. |
| Other physical details | illus., facsims. |
| Dimensions | 22 cm. |
| 500 ## - GENERAL NOTE | |
| General note | Thesis (M.A.)--Hebrew University, Jerusalem. |
| 504 ## - BIBLIOGRAPHY, ETC. NOTE | |
| Bibliography, etc. note | Bibliography: v. 1, p. [342]-[349] |
| 505 1# - FORMATTED CONTENTS NOTE | |
| Formatted contents note | Contents.--Kerekh 1. 1919-1927. |
| 650 #0 - SUBJECT ADDED ENTRY--TOPICAL TERM | |
| Topical term or geographic name entry element | Labor and laboring classes |
| Geographic subdivision | Israel. |
No items available.